000 02468nam1a22004091i 4500
001 v19\rc\1338097
005 20260406075049.0
035 _a(NLR Aleph) 004486956
090 _a4631718
_c4631718
100 _a20060512g18561860|||y0rusy50 ca
101 0 _arus
102 _aRU
105 _a z |||||
200 1 _aМесяцословы, календари и святцы русские
_eВ 3 [!4] кн.
_fСоч. хронол. и ист. Петра Хавского, д. чл. Моск. о-ва истории и древностей рос. ...
205 _a2-е изд. Кн. 1-4
210 _aМосква
_cУнив. тип.
_d1856-1860
215 _a1 т.
_d23
300 _aВо 2 и 3 книгах общ. загл. отсутствует
300 _aНа тит. л. 2 книги загл.: "Сокращенные хронологические таблицы, на текущий 14 великий индиктион, или 532-х-летие, указывающие порядок следования годов: пасхальных в 350, 357, 378 и 385 дней, и январских в 365 и 366 дней"; в 3 кн.: "Азбучный указатель к двум книгам, под заглавием: Месяцоловы, календари и святцы, или часть третья этих книг"
300 _aКн. 1-4
517 0 _aСокращенные хронологические таблицы, на текущий 14 великий индиктион, или 532-х-летие, указывающие порядок следования годов: пасхальных в 350, 357, 378 и 385 дней, и январских в 365 и 366 дней
517 0 _aАзбучный указатель к двум книгам, под заглавием: Месяцоловы, календари и святцы, или часть третья этих книг
700 1 _7ca
_8rus
_aХавский
_bП. В.
_f1774-1876
_gПетр Васильевич
_919287
_3RU\NLR\AUTH\7736297
801 0 _aRU
_bNLR
_gpsbo
801 0 _aRU
_bRuMoRGB
_2psbo
801 1 _aRU
_bProSoft-M
_2rusmarc
852 _aNLR
_j18.39.6.14
899 _aRuMoRGB
_jP 6/72
899 _aRuMoRGB
_jV 39/41
899 _aRuMoRGB
_jS 2/42
899 _aRuMoRGB
_jN 16/82
899 _aRuMoRGB
_jМК
899 _aRuMoRGB
_j801-83/14898-6
899 _aБАН
899 _aНБ СПбГУ
899 _aГПИБ (1-3)
942 _cBOOK